Responses for Show #7955 - Friday, March 22, 2019

Contestants

[<< previous game]

Dave Scatena, a chemical engineer from San Francisco, California

Jeff Trojan, a marketing executive from Marina del Rey, California

Jonathan Lindeen, a senior finance manager from Denver, Colorado (whose 2-day cash winnings total $48,802)

[next game >>]

Jeopardy! Round responses

BIBLICAL BADDIES
THROWING VOCABULARY
NOW YOU'RE COOKING
THE GIRLS IN THE GROUP
THE BELLS ARE RINGING
FOR ME & MIGUEL
    $200 4
Moses

Jonathan
    $200 1
pitch

Dave
    $200 2
flour

Dave
    $200 23
the Spice Girls

Jonathan
    $200 10
Quasimodo

Jonathan
    $200 18
the Philippines

Dave
    $400 5
Delilah

Jonathan
    $400 14
heave

Jonathan
    $400 3
basting

Jeff
    $400 24
Destiny's Child

Jonathan
    $400 13
(Jonathan: What is toll?)
(Jeff: What is knell?)
...
(Alex: What is [*]? From appeal.)

peal

JonathanJeff
Triple Stumper
    $400 19
(Alex: Don Quixote characters.)

Cervantes

Dave
    $600 6
Herod (Antipas)

Jeff
    $600 15
Chuck

Jonathan
    $600 7
blackened

Dave
    $600 25
the Pointer Sisters

Jeff
    $600 28
China

Jonathan
    $600 20
the Triple Crown

Dave
    $800 11
Gethsemane

Jonathan
    $800 16
a flick

Dave
    $800 8
soufflé

Jonathan
    $800 26
the Pussycat Dolls

Jeff
    $1,000 29
(Alex: Jonathan?)
(Jonathan: No.)

the knell

Jonathan
    $800 21
the Maya

Dave
    $1000 12
Ahab

Triple Stumper
    $1000 17
fling

Triple Stumper
    $1000 9
chorizo

Dave
    $1000 27
Bananarama

Jeff
    $1000 30
Bede

Jonathan
    $1000 22
Guadalajara

Jeff

Scores at the first commercial break (after clue 15):

Jonathan Jeff Dave
$3,000 $600 $2,000

Scores at the end of the Jeopardy! Round:

Jonathan Jeff Dave
$4,200 $4,000 $4,800

Double Jeopardy! Round responses

PLEASE BEAR WITH THESE MOVIES
U.S. ISLANDS
STUFF ON STAMPS
WHICH BODY PART?
HISTORICAL FICTION
BLANK "UM"
    $400 6
(Winnie the) Pooh

Jeff
    $400 1
Key West

Jonathan
    $400 12
scratch and sniff

Jonathan
    $400 11
the kidney

Dave
    $400 15
Neanderthals

Jonathan
    $400 24
opossum

Jeff
    $800 7
The Revenant

Dave
    $800 2
Nantucket

Jonathan
    $800 22
(Jonathan: What is a lunar eclipse?)

a solar eclipse

JonathanJeff
    $800 13
the appendix

Jeff
    $800 17
the Underground Railroad

Jeff
    $800 25
linoleum

Dave
    $1200 8
Paddington

Jonathan
    $1200 3
Mackinac

Jonathan
    $1200 23
(Dave: What is a... a...?)

a Meyer lemon

Dave
Triple Stumper
    $1200 14
the ear

Jeff
    $1200 19
the Salem witch trials

Jeff
    $1200 26
a terrarium

Jeff
    $1600 9
Seth MacFarlane

Jeff
    $1600 4
Catalina

Dave
    $3,000 29
(Jeff: What is the TVA?)

the WPA, or the Works Progress Administration

Jeff
    $1600 16
(Dave: What is the gallbladder?)
(Jeff: What is the pancreas?)

the liver

JeffDave
Triple Stumper
    $4,000 20
(Alex: Jeff?)
(Jeff: I don't know.)

All the Light We Cannot See

Jeff
    $1600 27
Valium

Dave
    $2000 10
Baloo

Jeff
    $2000 5
(Jonathan: What is South Padre Island?)

Galveston

JonathanDave
    $2000 30
bioluminescence

Jonathan
    $2000 18
the skull

Jeff
    $2000 21
Claudius

Jonathan
    $2000 28
the Lyceum

Jeff

Scores at the end of the Double Jeopardy! Round:

Jonathan Jeff Dave
$9,800 $9,800 $9,200

[wagering suggestions for these scores]

Final Jeopardy! Round responses

HOLIDAYS & OBSERVANCES
(Alex: [To Jonathan] It varies because of the growing season. We're talking about [*].)
DaveWhat is statehood day?
$4,600
JeffWhat is Earth Day
$9,800
JonathanWhat is ?
$9,800
Arbor Day

Final scores:

Jonathan Jeff Dave
$0 $0 $4,600
2nd place: $2,000 3rd place: $1,000 New champion: $4,600

Game dynamics:

Coryat scores:

Jonathan Jeff Dave
$10,800 $16,800 $9,200
19 R,
4 W
(including 1 DD)
18 R,
4 W
(including 2 DDs)
15 R,
2 W

Combined Coryat: $36,800

[game clues] [game scores] [suggest correction]

Game tape date: 2019-01-30
The J! Archive is created by fans, for fans. Scraping, republication, monetization, and malicious use prohibited; this site may use cookies and collect identifying information. See terms. The Jeopardy! game show and all elements thereof, including but not limited to copyright and trademark thereto, are the property of Jeopardy Productions, Inc. and are protected under law. This website is not affiliated with, sponsored by, or operated by Jeopardy Productions, Inc. Join the discussion at JBoard.tv.